00501nam a2200193 a 4500001001300000003000900013005001700022008004100039020001000080082001600090100002800106245002200134260003600156300000900192500003500201505001000236650003300246700002800279nice12345678IN_TiNIC20260116011457.0050524s1959 mada grp 000 0 urd  ac10000a297.61bUMA aUmari, Mohd Yusuf Kokan aImam Ibn Taimiyya aMadrasbMadras Universityc1959 a672p aincludes index and biblioraphy2 aIndex aIslam-Biography-Ibn Taimiyya1 aUmari, Mohd Yusuf Kokan